Shahid bhag 1 / (Record no. 44643)
[ view plain ]
| 000 -LEADER | |
|---|---|
| fixed length control field | 00932njm a22002657a 4500 |
| 005 - DATE AND TIME OF LATEST TRANSACTION | |
| control field | 20100909104159.0 |
| 007 - PHYSICAL DESCRIPTION FIXED FIELD--GENERAL INFORMATION | |
| fixed length control field | sd ammalaaahaa |
| 008 - FIXED-LENGTH DATA ELEMENTS--GENERAL INFORMATION | |
| fixed length control field | 100830t xxu||||| |||| 00| 0 hin d |
| 028 ## - PUBLISHER NUMBER | |
| Publisher number | N. 54909 |
| Source | His Master's Voice |
| 035 ## - SYSTEM CONTROL NUMBER | |
| System control number | GR-01459 |
| 040 ## - CATALOGING SOURCE | |
| Original cataloging agency | SED/VEN |
| 100 ## - MAIN ENTRY--PERSONAL NAME | |
| 9 (RLIN) | 17458 |
| Personal name | Mohd. Rafi |
| 245 ## - TITLE STATEMENT | |
| Title | Shahid bhag 1 / |
| Medium | [Sound recording] : |
| Statement of responsibility, etc | by Mohd. Rafi ; music & lyric Prem Dhawan |
| 246 ## - VARYING FORM OF TITLE | |
| Title proper/short title | शहीद (मोहद. रफ़ी) |
| 260 ## - PUBLICATION, DISTRIBUTION, ETC. (IMPRINT) | |
| Place of publication, distribution, etc | Dum Dum, India |
| Name of publisher, distributor, etc | His Master's Voice |
| Date of publication, distribution, etc | 1965 |
| 300 ## - PHYSICAL DESCRIPTION | |
| Extent | 1 Sound disc [Gramophone Record] : |
| Other physical details | analog, 33 1/3 rpm |
| Dimensions | 10 in (LP) |
| Type of unit | Gramophone Records |
| 500 ## - GENERAL NOTE | |
| General note | Brief record |
| 505 ## - FORMATTED CONTENTS NOTE | |
| Formatted contents note | Ae watan (ऐ वतन) पार्ट. 2 |
| 650 ## - SUBJECT ADDED ENTRY--TOPICAL TERM | |
| Topical term or geographic name as entry element | Classical Music |
| 9 (RLIN) | 1186 |
| Geographic subdivision | India |
| General subdivision | Excerpts |
| 700 ## - ADDED ENTRY--PERSONAL NAME | |
| 9 (RLIN) | 17459 |
| Personal name | Prem Dhawan |
| 700 ## - ADDED ENTRY--PERSONAL NAME | |
| 9 (RLIN) | 18822 |
| 700 ## - ADDED ENTRY--PERSONAL NAME | |
| 9 (RLIN) | 18873 |
| 942 ## - ADDED ENTRY ELEMENTS (KOHA) | |
| Source of classification or shelving scheme | Dewey Decimal Classification |
| Item type | Gramaphone Records |
| Withdrawn status | Lost status | Source of classification or shelving scheme | Damaged status | Not for loan | Collection code | Home library | Current library | Date acquired | Total Checkouts | Barcode | Date last seen | Price effective from | Koha item type |
|---|---|---|---|---|---|---|---|---|---|---|---|---|---|
| Dewey Decimal Classification | Not For Loan | Non-fiction | Central Library | Andrews Gunj | 09/09/2010 | GR-01459 | 09/09/2010 | 09/09/2010 | Gramaphone Records |
